Biblioteca

La persona y la obra del Espíritu Santo (Registro nro. 34080)

Detalles MARC
000 -LÍDER
Campo fijo de descripción fija 02330aam a2200361 i 4500
001 - NÚMERO DE CONTROL
Campo de control 768714001
003 - IDENTIFICADOR DEL NÚMERO DE CONTROL
Campo de control CO-MdFUSB
005 - FECHA Y HORA DE LA ULTIMA TRANSACCIÓN
control field 20220202171013.0
007 - CAMPO FIJO DE DESCRIPCIÓN FIJA--INFORMACIÓN GENERAL
Campo fijo de descripción fija ta
008 - ELEMENTOS DE LONGITUD FIJA -- INFORMACIÓN GENERAL
Campo fijo de descripción fija -- Información general 220202t1982 sp |||| |||| 00| 0 spa d
020 ## - NÚMERO INTERNACIONAL NORMALIZADO PARA LIBROS
Número Internacional Normalizado del libro 8472286657
040 ## - FUENTE DE CATALOGACIÓN
Idioma de catalogación spa.
Agencia de catalogación original CO-MdFUSB
Agencia que realiza la transcripción CO-MdFUSB
Agencia que realiza la modificación CO-MdFUSBC
Convenciones de la descripción rda
041 ## - CÓDIGO DE IDIOMA
Código de idioma para texto/pista de sonido o título separado spa
Código de idioma original fre
082 04 - NÚMERO DE CLASIFICACIÓN DECIMAL DEWEY
Número de clasificación 231.3
Número de la edición del Dewey 23
Clave de autor-Numero de item P1162p
100 1# - ASIENTO PRINCIPAL--NOMBRE PERSONAL
Nombre personal Pache, René
Término relacionador autor
240 ## - TITULO UNIFORME
Título uniforme <a href="La personne et l'oeuvre du Saitn-Esprit">La personne et l'oeuvre du Saitn-Esprit</a>
245 13 - TÍTULO
Título del Material La persona y la obra del Espíritu Santo
Mención de responsabilidad, etc. / René Pache
264 #1 - PRODUCCIÓN, PUBLICACIÓN, DISTRIBUCIÓN, MANUFACTURA, Y COPYRIGHT
Lugar de producción, publicación, distribución, manufactura Terrassa, Barcelona, España :
Nombre del productor, publicador, distribuidor Clie,
Fecha de producción, publicación, distribución, manufactura, o copyright [1982]
264 #4 - PRODUCCIÓN, PUBLICACIÓN, DISTRIBUCIÓN, MANUFACTURA, Y COPYRIGHT
Fecha de producción, publicación, distribución, manufactura, o copyright © 1982
300 ## - DESCRIPCIÓN FÍSICA
Extensión 224 páginas
Dimensiones ; 21 cm
336 ## - TIPO DE CONTENIDO
Término de tipo de contenido texto
Código de tipo de contenido txt
Fuente rdacontent
337 ## - TIPO DE MEDIO
Fuente rdamedia
Nombre del tipo de medio sin mediación
Código del tipo de medio n
338 ## - TIPO DE SOPORTE
Fuente rdacarrier
Nombre del tipo de soporte volumen
Código Tipo de soporte nc
505 ## - NOTA DE CONTENIDO
Título Primera parte. ¿Quién es el Espíritu Santo?
Nota de contenido con formato preestablecido La personalidad del Espíritu Santo. -- La divinidad del Espíritu Santo. -- Los símbolos del Espíritu Santo.
505 ## - NOTA DE CONTENIDO
Título Segunda parte. La obra del del Espíritu Santo antes de Pentecostés.
Nota de contenido con formato preestablecido El Espíritu Santo en el Antiguo Testamento. -- El Espíritu Santo en los evangelios. -- La obra del Espíritu Santo en Jesucristo. -- El Espíritu Santo y la inspiración de la Biblia.
505 ## - NOTA DE CONTENIDO
Título Tercera parte: La obra del Espíritu Santo en el corazón del hombre después de pentecostés.
Nota de contenido con formato preestablecido La dispensación del Espíritu. -- El pecado contra el Espíritu Santo. -- La regeneración y el bautismo del Espíritu. La recepción del Espíritu Santo. -- La adopción y la certeza de la salvación. -- La habitación del Espíritu Santo en el corazón del creyente. -- No entristezcáis al Espíritu. -- La plenitud del Espíritu Santo. -- La santificación por el Espíritu. -- La consolación, la enseñanza y la dirección del Espíritu. -- El Espíritu Santo y la iglesia.
505 ## - NOTA DE CONTENIDO
Título Cuarta parte: El Espíritu Santo y el servicio:
Nota de contenido con formato preestablecido La unción del Espíritu Santo. -- Los dones del Espíritu. -- El espíritu Sano y el testimonio. -- El Espíritu Santo y la oración. -- El Espíritu Santo y la adoración.
505 ## - NOTA DE CONTENIDO
Título Quinta parte: La obra futura del Espíritu:
Nota de contenido con formato preestablecido El Espíritu Santo e Israel. -- El Espíritu Santo y la resurrección. -- El Espíritu Santo en la eternidad.
563 ## - NOTA DE ENCUADERNACIÓN
Nota de encuadernación Rústico
650 #0 - ASIENTO SECUNDARIO DE MATERIA - TERMINO TEMÁTICO
Término temático o nombre geográfico como elemento de entrada Espíritu Santo
9 (RLIN) 50
942 ## - TIPO DE MATERIAL (KOHA)
Tipo de Item KOHA Libros General
945 ## - INFORMACIÓN LOCAL DEL REGISTRO
Catalogador JTF-925
Existencias
Estado de Material Estado de Perdido Forma de Clasificación Estado de Dañado No para Préstamo Colección Tomo Biblioteca de Origen Biblioteca Permanente Fecha de Adquisición Área Total de Préstamos Total de Renovaciones Signatura Topográfica Código de Barras Última vez visto Última vez Préstado Ejemplar/Existencia Fecha de Remplazo Tipo de Material
    Dewey Decimal Classification     Colección General   Biblioteca FUSBC Biblioteca FUSBC 02/02/2022 TEOLOGÍA CRISTIANA 2 2 G 231.3 P1162p 3003 03/03/2026 08/11/2024 Ej. 3 26/01/2016 Libros General
    Dewey Decimal Classification     Colección General   Biblioteca FUSBC Biblioteca FUSBC 02/02/2022 TEOLOGÍA CRISTIANA     G 231.3 P1162p 3002 19/07/2022   Ej. 2 26/01/2016 Libros General
    Dewey Decimal Classification     Colección General   Biblioteca FUSBC Biblioteca FUSBC 02/02/2022 TEOLOGÍA CRISTIANA     G 231.3 P1162p 3001 09/06/2022   Ej. 1 26/01/2016 Libros General

Biblioteca FUSBC | Teléfono: (57+4) 349 88 10 Ext. 141| WhatsApp (+57) 3005338115 
E-mail: biblioteca@unisbc.edu.co | Calle 76 87-14 Robledo Palenque, Medellín, Colombia

Con tecnología Koha